000 00798nab a2200241u 4500
001 17840
003 HDC
007 c| |||a|c|aaaa
008 210224b20140617my ||||| |||| 00| 0 may d
040 _aHDC
100 _aNur Izzati Mohamad /
_eauthor
_98203
245 0 _aTembusi pasaran luar negara /
_cNur Izzati Mohamad
336 _atext
_2rdacontent
337 _acomputer
_2rdamedia
338 _aonline resource
_2rdacarrier
650 _achocolate moist cake
_917020
650 _aExtra Moist Chocolate Cake (EMCC)
_917021
710 _aBERITA HARIAN
856 _zRequest full-text at [email protected]
942 _2lcc
942 _cNEWS
942 _kNWSC 005030
999 _c15156
_d15156